000 00508nam a2200145 a 4500
008 120416s0000 ||||||||||||||||| || u
020 _a034075897X
050 _aTL 671.4 Esh
100 _aEshelby, Martin E
245 1 0 _aAircraft performance
246 _atheory and practice
260 _aLondon
_bArnold
_c2000
350 _a0.00
995 _D0.00
_FCBU-MAIN LIBRARY (Kitwe)
_H1
_I40000.00
_M1
_UAVAILABLE
_WJul 6, 2006
_ZMain Library Open Access Collection
999 _c34039
_d34039